| 000 | 00492nam a2200169Ia 4500 | ||
|---|---|---|---|
| 008 | 230917s9999||||xx |||||||||||||| ||und|| | ||
| 020 | _cGBP41 | ||
| 040 |
_e235310 _aMAIN |
||
| 041 | _aEnglish | ||
| 082 | _a624.1762 C735F | ||
| 100 | _aComite Euro-Internationsl Du Beton | ||
| 245 | 0 | _aFastenings for seismic retrofitting: State of the art report | |
| 260 |
_aLondon _bThome telford _c1997 |
||
| 300 | _a38 p. | ||
| 500 | _a2419 14/10/2016 IBS16/450 17/10/2016 Main Budget | ||
| 942 | _cBK | ||
| 999 |
_c19506 _d19506 |
||